00568nam a2200169 i 450000100060000000300090000600500170001500700030003200800410003510000280007624500520010426000490015630000220020585200320022799900170025995201220027625144ES-MaACL20230906153212.0t|021220s1972 sp ||||1| spa d1 aArce, Agustín.92244413aEl hijo adoptivo de María / cAgustín Arce. aEstella (Navarra) : bVerbo Divino, c[1972] a176 p. ; c19 cm. aES-MaACLjC-53200 bR.84069 c25144d25144 00104070aATENEOMbATENEOMcDEPO2d2008-01-17eSCl0oC-53200p1025924r2023-02-23 00:00:00w2023-02-23yMONOGRAFIA